| 000 | 00643nam a2200181 i 4500 | ||
|---|---|---|---|
| 001 | 40235 | ||
| 003 | ES-MaACL | ||
| 005 | 20230906160154.0 | ||
| 007 | t| | ||
| 008 | 030305s1956 sp ||||1| spa d | ||
| 245 | 0 | 0 | _aCarta Real por la que se exime a Serradilla de la Jurisdicción de Plasencia. |
| 260 |
_aCáceres : _bAyuntamiento de Serradilla, _c[1956] ( _ePlasencia : _fVictoria) |
||
| 300 |
_a61 p., 2 lám. ; _c21 cm. |
||
| 500 | _aPrecede al tít.: Archivos Municipales de Serradilla. | ||
| 710 | 1 |
_aSerradilla. _bAyuntamiento. _96573 |
|
| 710 | 1 |
_aSerradilla. _bArchivos Municipales. _96572 |
|
| 852 |
_aES-MaACL _j1990-F-16 _bR.38987 |
||
| 999 |
_c40235 _d40235 |
||